[Event "Mont de Marsan op 9th"]
[Site "Mont de Marsan"]
[Date "2012.12.28"]
[Round "6"]
[White "Gonzalez Fernandez, Jorge"]
[Black "Saucey, Capucine"]
[Result "1/2-1/2"]
[WhiteElo "1693"]
[BlackElo "1849"]
[PlyCount "83"]
[EventDate "2012.12.27"]
[EventType "swiss"]
[EventRounds "9"]
[EventCountry "FRA"]
[SourceTitle "CBM 152 Extra"]
[Source "ChessBase"]
[SourceDate "2013.02.25"]
[SourceVersion "1"]
[SourceVersionDate "2013.02.25"]
[SourceQuality "1"]

1. d4 d5 2. c4 c6 3. Nc3 Nf6 4. Nf3 Bf5 5. e3 e6 6. Bd3 Bxd3 7. Qxd3 Na6 8. a3 Bd6 9. 0-0 0-0 10. b4 dxc4 11. Qxc4 Nd5 12. Bb2 Nac7 13. Rac1 a5 14. bxa5 Rxa5 15. Ne4 Nb6 16. Qb3 Rb5 17. Qc2 Rh5 18. Nxd6 Qxd6 19. Qb3 Rb5 20. Qc2 Ra8 21. Nd2 Qd5 22. Ra1 Na4 23. Bc1 e5 24. dxe5 Qxe5 25. Rb1 Rc5 26. Qe4 b5 27. Qxe5 Rxe5 28. e4 Ne6 29. f3 Nd4 30. Kf2 c5 31. Nb3 Nxb3 32. Rxb3 c4 33. Rb4 Nc5 34. Ke2 Nd3 35. Rb1 Nxc1+ 36. Rfxc1 Rxa3 37. Rxc4 g6 38. Rcb4 Ra2+ 39. R1b2 Rxb2+ 40. Rxb2 f5 41. Ke3 fxe4 42. fxe4 1/2-1/2

[Event "FRA-ch op-C"]
[Site "Caen"]
[Date "2011.08.25"]
[Round "9"]
[White "Saucey, Capucine"]
[Black "Rost, Pierre"]
[Result "1-0"]
[WhiteElo "1788"]
[BlackElo "1783"]
[PlyCount "37"]
[EventDate "2011.08.16"]
[EventType "swiss"]
[EventRounds "11"]
[EventCountry "FRA"]
[SourceTitle "EXT 2012"]
[Source "ChessBase"]
[SourceDate "2011.11.24"]
[SourceVersion "1"]
[SourceVersionDate "2011.11.24"]
[SourceQuality "1"]

1. e4 c5 2. c3 d5 3. exd5 Qxd5 4. d4 Nf6 5. Nf3 Bg4 6. Be2 Nc6 7. c4 Qd6 8. d5 Bxf3 9. Bxf3 Nd4 10. Nc3 e6 11. 0-0 exd5 12. Re1+ Be7 13. Bxd5 Nxd5 14. Nxd5 Ne6 15. f4 0-0-0 16. Qa4 a6 17. Be3 Rhe8 18. f5 Nc7 19. Bf4 1-0

[Event "FRA-ch U18 Girls"]
[Site "Montlucon"]
[Date "2011.04.24"]
[Round "9"]
[White "Soubirou, Oriane"]
[Black "Saucey, Capucine"]
[Result "1-0"]
[WhiteElo "1996"]
[BlackElo "1799"]
[PlyCount "85"]
[EventDate "2011.04.17"]
[EventType "swiss"]
[EventRounds "9"]
[EventCountry "FRA"]
[SourceTitle "CBM 142 Extra"]
[Source "ChessBase"]
[SourceDate "2011.06.27"]
[SourceVersion "1"]
[SourceVersionDate "2011.06.27"]
[SourceQuality "1"]

1. e4 e5 2. Nf3 Nc6 3. Bc4 Bc5 4. 0-0 Nf6 5. d4 exd4 6. e5 d5 7. exf6 dxc4 8. fxg7 Rg8 9. Bg5 Be7 10. Bxe7 Nxe7 11. Qxd4 Be6 12. Nc3 Nf5 13. Qe4 c6 14. Rfe1 Qf6 15. Rad1 Rd8 16. Qf4 Rd7 17. Ne4 Qxg7 18. g3 Ke7 19. Nc5 Rxd1 20. Rxd1 Qxb2 21. Qc7+ Kf6 22. Ne4+ Kg7 23. c3 Kh8 24. Qe5+ Ng7 25. Nf6 Qc2 26. Rd2 Qb1+ 27. Kg2 Rc8 28. Nh4 Qb5 29. Qf4 Nh5 30. Qh6 Nxf6 31. Qxf6+ Kg8 32. Rd4 c5 33. Rf4 Qc6+ 34. f3 Qd5 35. Nf5 Bxf5 36. Rxf5 Qe6 37. Rg5+ Kf8 38. Qg7+ Ke7 39. Re5 Rc6 40. Rxe6+ Rxe6 41. Qg5+ Kd6 42. Qf4+ Kc6 43. Qxf7 1-0

[Event "FRA-ch U18 Girls"]
[Site "Montlucon"]
[Date "2011.04.23"]
[Round "8"]
[White "Lenoel, Marine"]
[Black "Saucey, Capucine"]
[Result "1-0"]
[WhiteElo "1793"]
[BlackElo "1799"]
[PlyCount "106"]
[EventDate "2011.04.17"]
[EventType "swiss"]
[EventRounds "9"]
[EventCountry "FRA"]
[SourceTitle "CBM 142 Extra"]
[Source "ChessBase"]
[SourceDate "2011.06.27"]
[SourceVersion "1"]
[SourceVersionDate "2011.06.27"]
[SourceQuality "1"]

1. e4 e5 2. Nf3 Nc6 3. Bc4 Bc5 4. d3 Nf6 5. Nc3 d6 6. Bg5 h6 7. Be3 Bb6 8. Qd2 Be6 9. Bb5 Qd7 10. d4 exd4 11. Bxd4 Bxd4 12. Nxd4 a6 13. Bxc6 bxc6 14. f3 c5 15. Nde2 c6 16. Na4 Rd8 17. Rd1 0-0 18. 0-0 Qe7 19. b3 d5 20. exd5 Nxd5 21. Ng3 Nb4 22. Qf2 Nxa2 23. Nxc5 Nb4 24. Ra1 Bc8 25. Rfe1 Qf6 26. Nge4 Qb2 27. Rec1 f5 28. c3 Qxf2+ 29. Nxf2 Nd5 30. Nxa6 Nf4 31. Re1 Rd2 32. Kf1 Rfd8 33. Nc5 Rc2 34. Rac1 Rb2 35. Rcd1 Rf8 36. g3 Nd5 37. c4 Nf6 38. Re2 Rxe2 39. Kxe2 Re8+ 40. Kf1 Kh7 41. Rd6 Re3 42. Kg2 f4 43. g4 Re2 44. Rxc6 Bxg4 45. fxg4 Nxg4 46. Nce4 Rb2 47. h3 Ne3+ 48. Kf3 Rxb3 49. Kxf4 Ng2+ 50. Ke5 Nh4 51. Rd6 Nf3+ 52. Kd5 Ng1 53. c5 Rb8 1-0

[Event "FRA-chT2 1011"]
[Site "France"]
[Date "2010.10.17"]
[Round "1.8"]
[White "Saucey, Capucine"]
[Black "Nicolazo, Maxime"]
[Result "1/2-1/2"]
[WhiteElo "1812"]
[BlackElo "1760"]
[PlyCount "122"]
[EventDate "2010.10.17"]
[EventType "team-tourn"]
[EventRounds "11"]
[EventCountry "FRA"]
[SourceTitle "EXT 2012"]
[Source "ChessBase"]
[SourceDate "2011.11.24"]
[SourceVersion "1"]
[SourceVersionDate "2011.11.24"]
[SourceQuality "1"]

1. e4 c5 2. Nf3 e6 3. c3 d5 4. exd5 Qxd5 5. d4 Nf6 6. Bd3 Nc6 7. 0-0 Be7 8. Re1 0-0 9. Be3 Rd8 10. Nbd2 cxd4 11. Nxd4 e5 12. Bc4 Qd7 13. N4f3 Qc7 14. Ng5 Rf8 15. a3 Bf5 16. b4 Bg6 17. Qe2 h6 18. Ngf3 Bh5 19. Qf1 e4 20. Nd4 Ng4 21. g3 Nce5 22. Bf4 g5 23. Bxe5 Nxe5 24. Rxe4 Nxc4 25. Nxc4 Bg6 26. Re3 Bf6 27. Rd1 Rac8 28. Na5 b6 29. Nab3 Qc4 30. Qe1 Rfd8 31. Nd2 Qc7 32. N2f3 g4 33. Nh4 Bxh4 34. gxh4 Qf4 35. Qd2 Qf6 36. Rg3 Qxh4 37. Qf4 h5 38. Re1 Re8 39. Ree3 Qd8 40. h3 gxh3 41. Rxh3 Rxe3 42. Rxe3 Qd5 43. Rg3 Re8 44. Kh2 Qe5 45. Qh4 Qe1 46. Qf6 Qe5 47. Qxe5 Rxe5 48. Nc6 Re2 49. Rg2 a6 50. Nb8 Ra2 51. f4 Rxg2+ 52. Kxg2 a5 53. Kg3 Bd3 54. Nd7 axb4 55. axb4 b5 56. Nf6+ Kg7 57. Nd5 Kg6 58. Ne3 Kf6 59. Kh4 Be2 60. Kg3 Ke6 61. Kh4 Kf6 1/2-1/2

[Event "St Chely d'Aubrac op 10th"]
[Site "St Chely d'Aubrac"]
[Date "2010.07.15"]
[Round "7"]
[White "Husson, Cybele"]
[Black "Saucey, Capucine"]
[Result "1-0"]
[WhiteElo "2040"]
[BlackElo "1828"]
[PlyCount "47"]
[EventDate "2010.07.10"]
[EventType "swiss"]
[EventRounds "9"]
[EventCountry "FRA"]
[SourceTitle "CBM 137 Extra"]
[Source "ChessBase"]
[SourceDate "2010.09.01"]
[SourceVersion "1"]
[SourceVersionDate "2010.09.01"]
[SourceQuality "1"]

1. e4 e5 2. Nf3 Nc6 3. Bc4 Nf6 4. d3 Be7 5. c3 0-0 6. Bb3 d6 7. 0-0 Be6 8. Bc2 Ne8 9. d4 exd4 10. Nxd4 Nxd4 11. cxd4 d5 12. e5 Qd7 13. Nc3 c6 14. Be3 Bf5 15. Rc1 Bxc2 16. Rxc2 g6 17. Bh6 Ng7 18. f4 Rfd8 19. Bxg7 Kxg7 20. f5 Bg5 21. Qe1 Re8 22. Qg3 Bh6 23. Rcf2 Rf8 24. Qh3 1-0

[Event "St Chely d'Aubrac op 10th"]
[Site "St Chely d'Aubrac"]
[Date "2010.07.10"]
[Round "1"]
[White "Rota Graziosi, Fanny"]
[Black "Saucey, Capucine"]
[Result "0-1"]
[WhiteElo "1200"]
[BlackElo "1828"]
[PlyCount "82"]
[EventDate "2010.07.10"]
[EventType "swiss"]
[EventRounds "9"]
[EventCountry "FRA"]
[SourceTitle "CBM 137 Extra"]
[Source "ChessBase"]
[SourceDate "2010.09.01"]
[SourceVersion "1"]
[SourceVersionDate "2010.09.01"]
[SourceQuality "1"]

1. e4 e5 2. Nf3 Nc6 3. Bc4 Nf6 4. Nc3 Nxe4 5. Nxe4 d5 6. d3 dxe4 7. dxe4 Qxd1+ 8. Kxd1 Bg4 9. Ke1 Bxf3 10. gxf3 Nd4 11. Rb1 Nxf3+ 12. Ke2 Nd4+ 13. Kd1 0-0-0 14. Ke1 Nxc2+ 15. Kf1 f6 16. Be6+ Kb8 17. Bb3 Nd4 18. Be3 Bc5 19. Rd1 Nxb3 20. Rxd8+ Rxd8 21. Bc1 Nxc1 22. Kg2 Nxa2 23. Ra1 Nb4 24. Ra5 b6 25. Ra1 Rd2 26. Kg3 Bxf2+ 27. Kg4 Rxb2 28. Kf5 Bd4 29. Ke6 g6 30. h4 f5 31. exf5 gxf5 32. Kxf5 Rf2+ 33. Kg4 Bxa1 34. Kg3 Rf8 35. h5 e4 36. Kg4 e3 37. Kg5 e2 38. Kh6 e1Q 39. Kxh7 Qe7+ 40. Kg6 Qf6+ 41. Kh7 Qg7# 0-1

[Event "FRA-ch U18 Girls"]
[Site "Troyes"]
[Date "2010.04.18"]
[Round "9"]
[White "Durot, Edwige"]
[Black "Saucey, Capucine"]
[Result "1-0"]
[WhiteElo "1745"]
[BlackElo "1798"]
[PlyCount "36"]
[EventDate "2010.04.11"]
[EventType "swiss"]
[EventRounds "9"]
[EventCountry "FRA"]
[SourceTitle "EXT 2012"]
[Source "ChessBase"]
[SourceDate "2011.11.24"]
[SourceVersion "1"]
[SourceVersionDate "2011.11.24"]
[SourceQuality "1"]

1. e4 e5 2. Nf3 Nc6 3. Bb5 a6 4. Bxc6 dxc6 5. 0-0 Bd6 6. d4 exd4 7. Qxd4 Bf8 8. Qxd8+ Kxd8 9. Rd1+ Ke8 10. Bf4 Bg4 11. Bxc7 Bxf3 12. gxf3 Nf6 13. Nd2 Rc8 14. Bf4 Nh5 15. Be3 b5 16. Nb3 Be7 17. c3 c5 18. Rd2 Kf8 1-0

[Event "FRA-ch U18 Girls"]
[Site "Troyes"]
[Date "2010.04.13"]
[Round "4"]
[White "Hourlier, Claire"]
[Black "Saucey, Capucine"]
[Result "1/2-1/2"]
[WhiteElo "1915"]
[BlackElo "1798"]
[PlyCount "129"]
[EventDate "2010.04.11"]
[EventType "swiss"]
[EventRounds "9"]
[EventCountry "FRA"]
[SourceTitle "EXT 2012"]
[Source "ChessBase"]
[SourceDate "2011.11.24"]
[SourceVersion "1"]
[SourceVersionDate "2011.11.24"]
[SourceQuality "1"]

1. e4 c6 2. d4 d5 3. exd5 cxd5 4. Bd3 Nc6 5. c3 Qc7 6. Nf3 Bg4 7. Nbd2 Nf6 8. 0-0 e6 9. Re1 Bd6 10. Qc2 0-0 11. h3 Bh5 12. Ng5 Bg6 13. Bxg6 hxg6 14. Ndf3 e5 15. dxe5 Nxe5 16. Nd4 Nc4 17. Nb5 Qd7 18. Nxd6 Nxd6 19. Bf4 Nde4 20. Nxe4 Nxe4 21. Rad1 Qf5 22. Be3 Rfd8 23. Rd4 Qh5 24. Red1 Nf6 25. Qb3 Rd7 26. Qa4 a6 27. Rh4 Qf5 28. Rf4 Qe6 29. Rfd4 b5 30. Qc2 Rad8 31. Bg5 Rd6 32. Kf1 Qd7 33. f3 Re8 34. Bxf6 gxf6 35. Qd2 Re5 36. f4 Rh5 37. Qd3 Rh4 38. g4 f5 39. gxf5 Qxf5 40. Qxf5 gxf5 41. R1d3 Kh7 42. Kg2 Rg6+ 43. Rg3 Re6 44. Rf3 Rg6+ 45. Kf2 Rgh6 46. Rxd5 Rxh3 47. Rxh3 Rxh3 48. Kg2 Re3 49. Re5 Rd3 50. Kf2 Rh3 51. Re2 Kg6 52. Ke1 Kh5 53. Rf2 Kg4 54. Ke2 Rh6 55. b3 Re6+ 56. Kd3 Rd6+ 57. Ke3 Kg3 58. Rf1 Re6+ 59. Kd3 Rd6+ 60. Kc2 Rc6 61. a3 f6 62. Kd3 Rd6+ 63. Ke3 Re6+ 64. Kd3 Rd6+ 65. Kc2 1/2-1/2

[Event "FRA-ch U18 Girls"]
[Site "Troyes"]
[Date "2010.04.12"]
[Round "2"]
[White "Generet, Elise"]
[Black "Saucey, Capucine"]
[Result "0-1"]
[WhiteElo "1610"]
[BlackElo "1798"]
[PlyCount "86"]
[EventDate "2010.04.11"]
[EventType "swiss"]
[EventRounds "9"]
[EventCountry "FRA"]
[SourceTitle "EXT 2012"]
[Source "ChessBase"]
[SourceDate "2011.11.24"]
[SourceVersion "1"]
[SourceVersionDate "2011.11.24"]
[SourceQuality "1"]

1. e4 e5 2. Nf3 Nc6 3. Bc4 Nf6 4. d3 Be7 5. Be3 d6 6. h3 0-0 7. Nbd2 Be6 8. Bb3 d5 9. exd5 Nxd5 10. Nc4 f6 11. Qe2 Qd7 12. 0-0 Kh8 13. Nh2 b5 14. Nd2 f5 15. f4 Nxe3 16. Qxe3 Bxb3 17. Nxb3 exf4 18. Qxf4 a5 19. Qe3 Rae8 20. c3 f4 21. Qd2 Ne5 22. Rad1 Rd8 23. Rfe1 Rf5 24. Nf3 Nxf3+ 25. gxf3 c5 26. d4 Bf6 27. Nxc5 Rxc5 28. dxc5 Qxd2 29. Rxd2 Rxd2 30. b4 Kg8 31. a3 Kf7 32. Rc1 Rd3 33. c4 bxc4 34. Rxc4 Rc3 35. Rxc3 Bxc3 36. b5 Bd4+ 37. Kf1 Bxc5 38. a4 Ke6 39. Ke2 Kd5 40. Kd3 Bb4 41. Kc2 Kc4 42. Kb2 Ba3+ 43. Kc2 Kd4 0-1

[Event "Pornic op"]
[Site "Pornic"]
[Date "2009.08.??"]
[Round "2"]
[White "Saucey, Capucine"]
[Black "Hutois, Mickael"]
[Result "1-0"]
[WhiteElo "1766"]
[BlackElo "2051"]
[PlyCount "49"]
[EventDate "2009.08.??"]
[EventType "swiss"]
[EventRounds "6"]
[EventCountry "FRA"]
[SourceTitle "EXT 2010"]
[Source "ChessBase"]
[SourceDate "2010.11.25"]
[SourceVersion "1"]
[SourceVersionDate "2010.11.25"]
[SourceQuality "1"]

1. e4 e5 2. Nf3 Nc6 3. Bc4 Be7 4. c3 Nf6 5. d3 d6 6. h3 0-0 7. 0-0 h6 8. Re1 Kh8 9. Nbd2 Nh7 10. Nf1 f5 11. exf5 Bxf5 12. Ng3 Bg6 13. Bd5 Nf6 14. Bxc6 bxc6 15. Nh4 Bh7 16. Nhf5 Nd5 17. Nxe7 Qxe7 18. d4 e4 19. f3 Nf6 20. fxe4 Nxe4 21. Nxe4 Bxe4 22. Qg4 d5 23. Bf4 Rf6 24. Bg3 Rg6 25. Qxg6 1-0

[Event "FRA-ch U16 Girls"]
[Site "Aix les Bains"]
[Date "2009.04.22"]
[Round "5"]
[White "Abidi, Ines"]
[Black "Saucey, Capucine"]
[Result "0-1"]
[WhiteElo "1643"]
[BlackElo "1764"]
[PlyCount "152"]
[EventDate "2009.04.19"]
[EventType "swiss"]
[EventRounds "9"]
[EventCountry "FRA"]
[SourceTitle "CBM 130 Extra"]
[Source "ChessBase"]
[SourceDate "2009.07.02"]
[SourceVersion "2"]
[SourceVersionDate "2009.07.15"]
[SourceQuality "1"]

1. d4 c5 2. e3 cxd4 3. exd4 d5 4. Nf3 Nc6 5. c4 Nf6 6. Nc3 Bg4 7. cxd5 Nxd5 8. Be2 e6 9. 0-0 Be7 10. Nxd5 Qxd5 11. Be3 0-0 12. Qa4 Rfd8 13. h3 Bh5 14. Rfd1 Qd6 15. Qb5 Bg6 16. Ne5 Be4 17. Rac1 Rab8 18. Bf3 Bxf3 19. Nxf3 Qd5 20. Qxd5 Rxd5 21. Rd2 Rbd8 22. Rcc2 Bf6 23. Rc4 h6 24. Rd1 e5 25. Rd2 Nxd4 26. Nxd4 exd4 27. Bf4 b5 28. Rc1 d3 29. Rcd1 b4 30. Be3 a5 31. Bb6 R8d7 32. Kf1 Bc3 33. bxc3 bxc3 34. Bxa5 Rxa5 35. Rxd3 Rxd3 36. Rxd3 c2 37. Rc3 Rxa2 38. Ke1 Kh7 39. g4 g5 40. Rc6 Ra3 41. Rxc2 Rxh3 42. Ke2 Kg6 43. Rc6+ f6 44. f3 h5 45. gxh5+ Rxh5 46. Ke3 Rh7 47. Re6 Kf5 48. Re4 Rh4 49. Re8 Ra4 50. Rb8 Ra3+ 51. Kf2 Rc3 52. Rb5+ Kf4 53. Rb4+ Ke5 54. Re4+ Kd5 55. Re8 Rc4 56. Ke3 f5 57. Kf2 Rc2+ 58. Kg3 Rc5 59. Kh3 Kd4 60. Rg8 Ke3 61. Rxg5 Kxf3 62. Rg3+ Ke4 63. Ra3 Rd5 64. Kg3 f4+ 65. Kg4 Rd4 66. Rf3 Ke5 67. Kg5 Re4 68. Kg4 Re1 69. Kh3 Ke4 70. Kg2 Rg1+ 71. Kxg1 Kxf3 72. Kf1 Ke3 73. Ke1 f3 74. Kf1 f2 75. Kg2 Ke2 76. Kg3 f1R 0-1

[Event "FRA-ch U16 Girls"]
[Site "Aix les Bains"]
[Date "2009.04.20"]
[Round "2"]
[White "Saucey, Capucine"]
[Black "Marange, Elise"]
[Result "1-0"]
[WhiteElo "1764"]
[BlackElo "1340"]
[PlyCount "53"]
[EventDate "2009.04.19"]
[EventType "swiss"]
[EventRounds "9"]
[EventCountry "FRA"]
[SourceTitle "CBM 130 Extra"]
[Source "ChessBase"]
[SourceDate "2009.07.02"]
[SourceVersion "2"]
[SourceVersionDate "2009.07.15"]
[SourceQuality "1"]

1. e4 d5 2. exd5 Qxd5 3. Nc3 Qa5 4. d4 Nf6 5. Bc4 Bg4 6. f3 Bf5 7. Nge2 e5 8. Bb5+ c6 9. dxe5 Nfd7 10. Bd3 Bxd3 11. Qxd3 Qxe5 12. Bf4 Qh5 13. 0-0-0 Be7 14. Ng3 Qg6 15. Nf5 Nc5 16. Nd6+ Kf8 17. Qe3 Nbd7 18. Rhe1 Ne6 19. Nxb7 Nb6 20. Bd6 Nc4 21. Bxe7+ Kxe7 22. Qc5+ Kf6 23. Qxc4 Rab8 24. Ne4+ Kf5 25. Nbd6+ Ke5 26. Qc3+ Kf4 27. g3+ 1-0

[Event "St Chely d'Aubrac op 8th"]
[Site "St Chely d'Aubrac"]
[Date "2008.07.16"]
[Round "6"]
[White "Messinger, Karl"]
[Black "Saucey, Capucine"]
[Result "1-0"]
[WhiteElo "1703"]
[BlackElo "1770"]
[PlyCount "66"]
[EventDate "2008.07.13"]
[EventType "swiss"]
[EventRounds "9"]
[EventCountry "FRA"]
[SourceTitle "CBM 125 Extra"]
[Source "ChessBase"]
[SourceDate "2008.09.01"]
[SourceVersion "1"]
[SourceVersionDate "2008.09.01"]
[SourceQuality "1"]

1. e4 e5 2. Nf3 Nc6 3. Bb5 a6 4. Ba4 Nf6 5. 0-0 Be7 6. Re1 b5 7. Bb3 0-0 8. c3 d5 9. exd5 Nxd5 10. Nxe5 Nxe5 11. Rxe5 c6 12. Bxd5 cxd5 13. d4 Bd6 14. Re1 Qh4 15. g3 Qh3 16. Qf3 Bg4 17. Qxd5 Rad8 18. Qg2 Qh5 19. Be3 f5 20. f4 Bf3 21. Qf2 Rf6 22. Nd2 Bd5 23. Qe2 Qh3 24. Nf3 Rg6 25. Qf2 Re8 26. Ne5 Rh6 27. Bd2 Ree6 28. b3 Rh5 29. Re2 Be4 30. Bc1 g5 31. Be3 Be7 32. fxg5 Bxg5 33. Bxg5 Rxg5 1-0

[Event "St Chely d'Aubrac op 8th"]
[Site "St Chely d'Aubrac"]
[Date "2008.07.15"]
[Round "4"]
[White "Rateau, Cyprien"]
[Black "Saucey, Capucine"]
[Result "0-1"]
[WhiteElo "1340"]
[BlackElo "1770"]
[PlyCount "48"]
[EventDate "2008.07.13"]
[EventType "swiss"]
[EventRounds "9"]
[EventCountry "FRA"]
[SourceTitle "CBM 125 Extra"]
[Source "ChessBase"]
[SourceDate "2008.09.01"]
[SourceVersion "1"]
[SourceVersionDate "2008.09.01"]
[SourceQuality "1"]

1. d4 c5 2. Nf3 e6 3. Nc3 d5 4. e4 Nc6 5. dxc5 d4 6. Na4 Qa5+ 7. c3 dxc3 8. Nxc3 Bxc5 9. Bd2 Qd8 10. Bb5 Bd7 11. 0-0 a6 12. Bxc6 Bxc6 13. Be3 Bb4 14. Bd4 Nf6 15. e5 Nd5 16. Ne4 Bb5 17. Nfg5 Bxf1 18. Kxf1 h6 19. Nf3 0-0 20. Nfd2 Qh4 21. f3 Qxh2 22. Ke2 Qxg2+ 23. Nf2 Rad8 24. Be3 Nxe3 0-1

[Event "St Chely d'Aubrac op 8th"]
[Site "St Chely d'Aubrac"]
[Date "2008.07.13"]
[Round "1"]
[White "Riff, Jean Noel"]
[Black "Saucey, Capucine"]
[Result "1-0"]
[WhiteElo "2481"]
[BlackElo "1770"]
[PlyCount "49"]
[EventDate "2008.07.13"]
[EventType "swiss"]
[EventRounds "9"]
[EventCountry "FRA"]
[SourceTitle "CBM 125 Extra"]
[Source "ChessBase"]
[SourceDate "2008.09.01"]
[SourceVersion "1"]
[SourceVersionDate "2008.09.01"]
[SourceQuality "1"]

1. e4 e5 2. Nf3 Nc6 3. Bb5 a6 4. Ba4 Nf6 5. 0-0 Be7 6. Re1 b5 7. Bb3 0-0 8. c3 d5 9. d4 dxe4 10. Nxe5 Nxe5 11. dxe5 Qxd1 12. Bxd1 Nd5 13. Rxe4 Bf5 14. Re1 Rad8 15. Bf3 b4 16. c4 Nb6 17. Nd2 Rd4 18. b3 Rfd8 19. Nf1 g5 20. Be3 R4d7 21. Ng3 Bg6 22. Bg4 Rd3 23. Nf5 Bxf5 24. Bxf5 Rc3 25. Rad1 1-0

[Event "FRA-ch U16 Girls"]
[Site "La Roche sur Yon"]
[Date "2008.04.21"]
[Round "2"]
[White "Saucey, Capucine"]
[Black "Dourerassou, Cynthia"]
[Result "1-0"]
[WhiteElo "1780"]
[BlackElo "1909"]
[PlyCount "38"]
[EventDate "2008.04.21"]
[EventType "swiss"]
[EventRounds "9"]
[EventCountry "FRA"]
[SourceTitle "EXT 2010"]
[Source "ChessBase"]
[SourceDate "2010.11.25"]
[SourceVersion "1"]
[SourceVersionDate "2010.11.25"]
[SourceQuality "1"]

1. e4 e5 2. Nf3 Nc6 3. Bc4 Bc5 4. d4 exd4 5. Ng5 Nh6 6. 0-0 0-0 7. Kh1 d6 8. f4 Ng4 9. h3 Ne3 10. Bxe3 dxe3 11. Qh5 h6 12. Nxf7 Rxf7 13. Qxf7+ Kh8 14. Rf3 Bd4 15. c3 Bf6 16. Rxe3 g5 17. Qh5 Kh7 18. Bd3 Bg7 19. e5+ Kg8 1-0

[Event "St Chely d'Aubrac op 7th"]
[Site "St Chely d'Aubrac"]
[Date "2007.07.16"]
[Round "4"]
[White "Saucey, Capucine"]
[Black "Vernet, Pierrick"]
[Result "1-0"]
[WhiteElo "1629"]
[BlackElo "1199"]
[PlyCount "75"]
[EventDate "2007.07.07"]
[EventType "swiss"]
[EventRounds "9"]
[EventCountry "FIN"]
[SourceTitle "EXT 2008"]
[Source "ChessBase"]
[SourceDate "2007.11.25"]
[SourceVersion "1"]
[SourceVersionDate "2007.11.25"]
[SourceQuality "1"]

1. e4 e5 2. Nf3 Nc6 3. Bc4 Bc5 4. d3 Nf6 5. Bg5 d6 6. Nc3 h6 7. Bh4 g5 8. Nxg5 hxg5 9. Bxg5 Rh5 10. Qxh5 Nxh5 11. Bxd8 Nxd8 12. Nd5 Ne6 13. b4 b5 14. Bxb5+ Kd8 15. bxc5 dxc5 16. Rb1 Bb7 17. g4 Nhf4 18. Nxf4 exf4 19. h4 a6 20. Bc4 Rb8 21. Bxa6 Kc8 22. Bxb7+ Rxb7 23. Rxb7 Kxb7 24. h5 Kc8 25. h6 Kd8 26. h7 Ke8 27. h8R+ Nf8 28. Rxf8+ Kxf8 29. Rh8+ Kg7 30. Rc8 Kh6 31. Rxc7 Kg5 32. Rxc5+ Kxg4 33. Rf5 f6 34. Rxf4+ Kxf4 35. a4 Ke5 36. f4+ Kxf4 37. Kf2 Ke5 38. a5 1-0

[Event "St Chely d'Aubrac op 7th"]
[Site "St Chely d'Aubrac"]
[Date "2007.07.14"]
[Round "1"]
[White "Baeumlin, Francois"]
[Black "Saucey, Capucine"]
[Result "1-0"]
[WhiteElo "2018"]
[BlackElo "1629"]
[PlyCount "41"]
[EventDate "2007.07.07"]
[EventType "swiss"]
[EventRounds "9"]
[EventCountry "FIN"]
[SourceTitle "EXT 2008"]
[Source "ChessBase"]
[SourceDate "2007.11.25"]
[SourceVersion "1"]
[SourceVersionDate "2007.11.25"]
[SourceQuality "1"]

1. e4 e5 2. Nf3 Nc6 3. Bb5 a6 4. Bxc6 dxc6 5. 0-0 Bd6 6. d4 Qe7 7. h3 Bd7 8. Nc3 0-0-0 9. dxe5 Bxe5 10. Nxe5 Qxe5 11. Qf3 g5 12. Qe3 g4 13. Qa7 Be6 14. Qa8+ Kd7 15. Rd1+ Bd5 16. Qxb7 Ne7 17. exd5 Rb8 18. dxc6+ Ke6 19. Qxa6 Rhd8 20. Qc4+ Kf6 21. Bf4 1-0